| 000 | 01531nam2a22002771 4500 | ||
|---|---|---|---|
| 001 | v19\rc\2101262 | ||
| 005 | 20250620050633.0 | ||
| 035 | _a(NLR Aleph) 005184355 | ||
| 090 |
_a5153802 _c5153802 |
||
| 100 | _a20090914d1822 |||y0rusy50 ca | ||
| 101 | 1 |
_arus _cfre |
|
| 102 | _aRU | ||
| 140 | _ay a vkc yyyaa0000 | ||
| 200 | 1 |
_aНачальныя основания дифференциальнаго изчисления. _fСоч. С.Ф. Лакроа. _gПеревел с французскаго П. Смирнов |
|
| 210 |
_d1822 _aБ. м. |
||
| 215 | _a[2], V, [1], 216 c., III л. черт. | ||
| 300 | _aЧ.6 без шмуцтит. с загл. серии | ||
| 316 |
_aВ экз. РНБ (18.73.2.56 (6)) имеется шмуцтит. с загл. серии. Паг. экз.: [4], V, [1], 216 с., III л. черт. _5NLR: 18.73.2.56 (6) |
||
| 461 | 0 |
_1001v19\rc\2101258 _12001#$aКурс математики$fСоч. [С.Ф.] Лакроа.$vЧ. 6 _1700#1$aЛакруа$bС.Ф.$f1765-1843$gСильвестр Франсуа$4070 _95153783 _aЛакруа, С.Ф. (1765-1843) _c[Санкт-Петербург] _d[1817-1823] _fСоч. [С.Ф.] Лакроа. _n[в типографии В. Плавильщикова] _p7 т. _tКурс математики _vЧ. 6 |
|
| 518 | 1 | _aНачальные основания дифференциального исчисления | |
| 801 | 0 |
_aRU _bNLR _gpsbo |
|
| 801 | 1 |
_aRU _bProSoft-M _2rusmarc |
|
| 852 |
_aNLR _j18.73.2.56 (6) |
||
| 942 | _cBOOK | ||
| 980 | _aNB | ||